header

Global employment trends (Record no. 36930)

MARC details
000 -LEADER
fixed length control field 01159nam a2200301Ia 4500
245 00 - TITLE STATEMENT
Title Global employment trends
260 ## - PUBLICATION, DISTRIBUTION, ETC. (IMPRINT)
Place of publication Geneva :
Name of publisher International Labour Office,
Year of publication 2013.
300 ## - PHYSICAL DESCRIPTION
Number of Pages 170 p.
650 #0 - SUBJECT ADDED ENTRY--TOPICAL TERM
Topical Term Labor market
Topical Term Work.
856 40 - ELECTRONIC LOCATION AND ACCESS
Uniform Resource Identifier http://site.ebrary.com/lib/rucke/Doc?id=10734904

No items available.

© 2026 Rongo University
Contact us: librarian | system librarian | Rongo university